Alkylbenzoquinones with antiproliferative effect against human cancer cell lines from stem of Ardisia kivuensis

Elmentve itt :
Bibliográfiai részletek
Szerzők: Ndonsta Blanche L.
Tatsimo N. Simplice Joel
Csupor Dezső
Forgó Péter
Berkecz Róbert
Berényi Ágnes
Tene Mathieu
Molnár Judit
Zupkó István
Hohmann Judit
Tane Pierre
Dokumentumtípus: Cikk
Megjelent: Elsevier 2011
Sorozat:Phytochemistry Letters 4 No. 3
doi:10.1016/j.phytol.2011.04.003

mtmt:1732054
Online Access:http://publicatio.bibl.u-szeged.hu/1090
LEADER 01114nab a2200313 i 4500
001 publ1090
005 20180703143617.0
008 120814s2011 hu o 0|| zxx d
022 |a 1874-3900 
024 7 |a 10.1016/j.phytol.2011.04.003  |2 doi 
024 7 |a 1732054  |2 mtmt 
040 |a SZTE Publicatio Repozitórium  |b hun 
041 |a zxx 
100 1 |a Ndonsta Blanche L. 
245 1 0 |a Alkylbenzoquinones with antiproliferative effect against human cancer cell lines from stem of Ardisia kivuensis  |h [elektronikus dokumentum] /  |c  Ndonsta Blanche L. 
260 |a Elsevier  |c 2011 
300 |a 227-230 
490 0 |a Phytochemistry Letters  |v 4 No. 3 
700 0 1 |a Tatsimo N. Simplice Joel  |e aut 
700 0 1 |a Csupor Dezső  |e aut 
700 0 1 |a Forgó Péter  |e aut 
700 0 1 |a Berkecz Róbert  |e aut 
700 0 1 |a Berényi Ágnes  |e aut 
700 0 1 |a Tene Mathieu  |e aut 
700 0 1 |a Molnár Judit  |e aut 
700 0 1 |a Zupkó István  |e aut 
700 0 1 |a Hohmann Judit  |e aut 
700 0 1 |a Tane Pierre  |e aut 
856 4 0 |u http://publicatio.bibl.u-szeged.hu/1090/1/1732054_Ndonsta__Joel_Tatsimo_Phytochem_Lett.pdf  |z Dokumentum-elérés